000
00286nam a2200109Ia 4500
008
200302s9999 xx 000 0 und d
100
_a
A Dam Sheppard and other
245
_a
Study skills for town and country planning
260
_b
Sage Publication Ltd.,
260
_c
2014
300
_a
238
999
_c
6904
_d
6904